000 00972cam a22002174a 4500
005 20250605164059.0
008 250528s ||||||||||||||||||||||||d
035 _a17577
020 _a978007711144
040 _aGR-AtMCL
_bgre
_dGR-AtMCL
_eAACR2
245 1 _aSurveying for Construction / Fifth Edition
250 _a5th
300 _a342
520 _aThe authors in this book clearly and comprehensively guide the reader through the principles, methods and equipment used in modern-day surveying. Surveying Fundamentals, Understanding Maps and Plans, Linear Surveying, Levelling, Contouring, Vertical Sections, Theodolites and Total Stations, Traverse Surveys, Curve Ranging, Setting Out Construction Works, Mensuration Areas, Mensuration Volumes, Surveys of Existing Buildings.
700 1 _aIrvine William
_93743
700 1 _aMaclennan Finlay
_93744
942 _cBK
260 _bMcgraw Hill Publishing Company
999 _c2981
_d2981